00530nam a2200157 a 450000100100000000500170001000800410002702000150006804000250008308200150010810000360012324500770015926000390023630000350027550000620031000002261320200930021710.0101014s1976 sp ac 000 0 spa d a8473800850 aDO-SdBNPbspacBNPHU axxxbM764i1 aMontaner, Carlos Albertod1943-10aInforme secreto sobre la revolución cubana /cCarlos Alberto Montaner. aMadrid :bSedmay Ediciones,c1976. a300 p. :bil., retr. ;c22 cm. aIncluye datos biográficos del autor en la contraportada